|
|
|
|
| LEADER |
00647nab a2200169 i 4500 |
| 001 |
misc73871 |
| 005 |
20241018151401.0 |
| 008 |
231221s1955 hu o 000 eng d |
| 040 |
|
|
|a SZTE Miscellanea Repozitórium
|b hun
|
| 041 |
|
|
|a eng
|
| 100 |
2 |
|
|a Szent-Györgyi Albert
|
| 245 |
1 |
0 |
|a Fluorescent globulin of the lens
|h [elektronikus dokumentum] /
|c Szent-Györgyi Albert
|
| 260 |
|
|
|a Elsevier
|b Amsterdam, London, Houston, New York
|c 1955
|
| 300 |
|
|
|a 167
|
| 490 |
0 |
|
|a Biochimica et Biophysica Acta
|v 16
|
| 561 |
|
|
|a Szent-Györgyi Albert tudományos és egyéb írásai
|
| 856 |
4 |
0 |
|u http://misc.bibl.u-szeged.hu/73871/1/szgya_magyar_246.pdf
|z Dokumentum-elérés
|